[Event "Cesenatico op 23rd"]
[Site "Cesenatico"]
[Date "2019.09.05"]
[Round "6"]
[White "Damia, Angelo"]
[Black "Schacher, Gerd"]
[Result "1-0"]
[WhiteElo "2240"]
[BlackElo "2311"]
[PlyCount "61"]
[EventDate "2019.09.01"]
[EventType "swiss"]
[EventRounds "9"]
[EventCountry "ITA"]
[SourceTitle "EXT 2020"]
[Source "ChessBase"]
[SourceDate "2019.10.17"]
[SourceVersion "1"]
[SourceVersionDate "2019.10.17"]
[SourceQuality "1"]

1. e4 c5 2. Nf3 d6 3. d4 cxd4 4. Nxd4 Nf6 5. Nc3 a6 6. Rg1 e5 7. Nb3 h5 8. Bg5 Be6 9. Nd5 Nbd7 10. Bc4 Be7 11. Nxe7 Qxe7 12. Qd3 Nb6 13. Na5 Nxc4 14. Nxc4 d5 15. exd5 Bxd5 16. Qxd5 Nxd5 17. Bxe7 Kxe7 18. Nxe5 Nb4 19. 0-0-0 Rac8 20. c3 Rh6 21. Rge1 Kf8 22. Rd7 Rf6 23. Rxb7 Nxa2+ 24. Kb1 Nxc3+ 25. bxc3 Rxf2 26. Rb2 Rf5 27. Re3 f6 28. Nf3 g5 29. Rb6 g4 30. Nd4 Rf2 31. Re2 1-0

[Event "Cesenatico op 23rd"]
[Site "Cesenatico"]
[Date "2019.09.03"]
[Round "3"]
[White "Schacher, Gerd"]
[Black "Di Trapani, Davide"]
[Result "1/2-1/2"]
[WhiteElo "2311"]
[BlackElo "2181"]
[PlyCount "23"]
[EventDate "2019.09.01"]
[EventType "swiss"]
[EventRounds "9"]
[EventCountry "ITA"]
[SourceTitle "EXT 2020"]
[Source "ChessBase"]
[SourceDate "2019.10.17"]
[SourceVersion "1"]
[SourceVersionDate "2019.10.17"]
[SourceQuality "1"]

1. Nf3 d5 2. g3 Bg4 3. Bg2 c6 4. c4 e6 5. 0-0 Nd7 6. Qb3 Qb6 7. d3 dxc4 8. dxc4 Ngf6 9. Be3 Bc5 10. Bxc5 Nxc5 11. Qxb6 axb6 12. Nc3 1/2-1/2

[Event "ITA-chTA 51st"]
[Site "Brixen Bressanone"]
[Date "2019.04.27"]
[Round "3.2"]
[White "Schacher, Gerd"]
[Black "Lapiccirella, Daniele"]
[Result "1/2-1/2"]
[WhiteElo "2321"]
[BlackElo "2200"]
[PlyCount "55"]
[EventDate "2019.04.26"]
[EventType "team-swiss"]
[EventRounds "7"]
[EventCountry "ITA"]
[SourceTitle "CBM 190 Extra"]
[Source "ChessBase"]
[SourceDate "2019.07.15"]
[SourceVersion "1"]
[SourceVersionDate "2019.07.15"]
[SourceQuality "1"]
[WhiteTeam "Marostica Pizzato Elettrica"]
[BlackTeam "Cerianese Scacchistica"]
[WhiteTeamCountry "ITA"]
[BlackTeamCountry "ITA"]

1. Nf3 d5 2. c4 c6 3. e3 Nf6 4. Nc3 e6 5. b3 Nbd7 6. Qc2 Bd6 7. Bb2 0-0 8. Be2 Re8 9. 0-0 b6 10. cxd5 exd5 11. d4 Bb7 12. Rfd1 Qe7 13. g3 Nf8 14. Bf1 Ng6 15. Bg2 Rad8 16. Re1 Ne4 17. Nxe4 Qxe4 18. Qxe4 dxe4 19. Nd2 f5 20. Rec1 Ne7 21. Nc4 Nd5 22. Nxd6 Rxd6 23. Bf1 a5 24. a4 Kf7 25. Ba3 Rd7 26. Rcb1 Ra8 27. Rb2 Kf6 28. b4 1/2-1/2

[Event "Cesenatico op 21st"]
[Site "Cesenatico"]
[Date "2017.09.09"]
[Round "8"]
[White "Medici, Simone"]
[Black "Schacher, Gerd"]
[Result "1/2-1/2"]
[WhiteElo "2190"]
[BlackElo "2332"]
[PlyCount "34"]
[EventDate "2017.09.02"]
[EventType "swiss"]
[EventRounds "9"]
[EventCountry "ITA"]
[SourceTitle "CBM 180 Extra"]
[Source "ChessBase"]
[SourceDate "2017.10.06"]
[SourceVersion "1"]
[SourceVersionDate "2017.10.06"]
[SourceQuality "1"]

1. d4 g6 2. c4 Bg7 3. Nc3 c5 4. d5 d6 5. e4 a6 6. f4 Nf6 7. Nf3 0-0 8. Bd3 b5 9. 0-0 bxc4 10. Bxc4 Nbd7 11. h3 Nb6 12. Be2 Qc7 13. Be3 e6 14. dxe6 Bxe6 15. f5 Bc4 16. Bf4 Bxe2 17. Qxe2 Rfe8 1/2-1/2

[Event "Cesenatico op-A 20th"]
[Site "Cesenatico"]
[Date "2016.09.07"]
[Round "5"]
[White "Schacher, Gerd"]
[Black "Bonacci, Mauro"]
[Result "1-0"]
[WhiteElo "2333"]
[BlackElo "2142"]
[PlyCount "85"]
[EventDate "2016.09.03"]
[EventType "swiss"]
[EventRounds "9"]
[EventCountry "ITA"]
[SourceTitle "EXT 2024"]
[Source "ChessBase"]
[SourceDate "2023.10.10"]
[SourceVersion "1"]
[SourceVersionDate "2023.10.10"]
[SourceQuality "1"]

1. c4 Nf6 2. Nc3 c5 3. g3 g6 4. Nf3 Bg7 5. Bg2 Nc6 6. d4 cxd4 7. Nxd4 0-0 8. 0-0 Nxd4 9. Qxd4 d6 10. Qd3 Nd7 11. b3 Nc5 12. Qe3 Rb8 13. Bb2 b6 14. Rac1 Bb7 15. Rc2 Bxg2 16. Kxg2 Re8 17. Rd1 Ne6 18. h4 h5 19. Rd5 Qd7 20. a4 f5 21. Nb5 Bxb2 22. Rxb2 Kh7 23. Nxa7 f4 24. Qe4 Nc5 25. Rxh5+ Kg7 26. Rxc5 bxc5 27. Nb5 fxg3 28. fxg3 Rf8 29. Nc3 Rf7 30. Nd5 Rbf8 31. e3 e6 32. Nf4 Rf6 33. h5 g5 34. Ng6 R8f7 35. a5 Kh6 36. Rd2 Qc7 37. a6 Qa5 38. Rd1 Qa2+ 39. Kh3 Rf2 40. Nf4 Rf6 41. Qa8 Rh2+ 42. Kg4 Rxf4+ 43. exf4 1-0

[Event "ITA-chT 47th"]
[Site "Civitanova Marche"]
[Date "2015.05.01"]
[Round "4.6"]
[White "Schacher, Gerd"]
[Black "Malloni, Marcello"]
[Result "0-1"]
[WhiteElo "2374"]
[BlackElo "2348"]
[PlyCount "94"]
[EventDate "2015.04.29"]
[EventType "team-swiss"]
[EventRounds "7"]
[EventCountry "ITA"]
[SourceTitle "CBM 166 Extra"]
[Source "ChessBase"]
[SourceDate "2015.06.18"]
[SourceVersion "1"]
[SourceVersionDate "2015.06.18"]
[SourceQuality "1"]
[WhiteTeam "Marostica"]
[BlackTeam "Acqui Terme Collino"]
[WhiteTeamCountry "ITA"]
[BlackTeamCountry "ITA"]

1. Nf3 d5 2. g3 c6 3. Bg2 Bg4 4. c4 e6 5. 0-0 Nf6 6. d3 Nbd7 7. Nbd2 Bc5 8. a3 a5 9. b3 0-0 10. Bb2 Re8 11. Re1 e5 12. cxd5 cxd5 13. d4 exd4 14. Nxd4 Ne5 15. N2f3 Qb6 16. Nxe5 Rxe5 17. Qd3 Rae8 18. e3 Bd7 19. Nf3 Bf5 20. Qd1 R5e7 21. Bd4 Be4 22. Bxc5 Qxc5 23. Qd4 Qc2 24. Nd2 Bxg2 25. Kxg2 Rc7 26. Rab1 Rc3 27. Rec1 Qxc1 28. Rxc1 Rxc1 29. Qb6 Rc2 30. Qxa5 h6 31. Qb4 Ra2 32. e4 dxe4 33. Kg1 e3 34. fxe3 Rxe3 35. Nf1 Ree2 36. Qxb7 Rxa3 37. b4 g6 38. b5 Kg7 39. b6 Rb3 40. Qc7 Reb2 41. Qd8 Rxb6 42. Qd4 R6b4 43. Qc3 R4b3 44. Qc4 Ra3 45. Qd4 Raa2 46. Qc3 Rb1 47. Qd4 Raa1 0-1

[Event "Cesenatico op 18th"]
[Site "Cesenatico"]
[Date "2014.09.07"]
[Round "9"]
[White "Naumkin, Igor"]
[Black "Schacher, Gerd"]
[Result "1-0"]
[WhiteElo "2448"]
[BlackElo "2360"]
[PlyCount "55"]
[EventDate "2014.08.31"]
[EventType "swiss"]
[EventRounds "9"]
[EventCountry "ITA"]
[SourceTitle "EXT 2016"]
[Source "ChessBase"]
[SourceDate "2015.10.08"]
[SourceVersion "1"]
[SourceVersionDate "2015.10.08"]
[SourceQuality "1"]

1. d4 f5 2. Nf3 Nf6 3. Bg5 e6 4. Nbd2 Be7 5. Bxf6 Bxf6 6. e4 d5 7. e5 Be7 8. c4 dxc4 9. Bxc4 Nc6 10. Nb3 Nb4 11. 0-0 c6 12. a3 Nd5 13. Qd2 0-0 14. Rad1 a5 15. Nc1 b5 16. Ba2 b4 17. a4 Ba6 18. Nd3 Qb6 19. Bb3 Rfd8 20. Rfe1 Bxd3 21. Qxd3 c5 22. g3 g6 23. Re2 Nc7 24. Rc2 Kf7 25. h4 Na6 26. Rdc1 Qb7 27. Qe3 cxd4 28. Nxd4 1-0

[Event "Cesenatico op 17th"]
[Site "Cesenatico"]
[Date "2013.09.07"]
[Round "8"]
[White "Mrdja, Milan"]
[Black "Schacher, Gerd"]
[Result "1/2-1/2"]
[WhiteElo "2377"]
[BlackElo "2347"]
[PlyCount "54"]
[EventDate "2013.08.31"]
[EventType "swiss"]
[EventRounds "9"]
[EventCountry "ITA"]
[SourceTitle "CBM 156 Extra"]
[Source "ChessBase"]
[SourceDate "2013.10.22"]
[SourceVersion "1"]
[SourceVersionDate "2013.10.22"]
[SourceQuality "1"]

1. e4 c5 2. Nf3 d6 3. d4 cxd4 4. Nxd4 Nf6 5. Nc3 a6 6. h3 g6 7. g4 Bg7 8. Bg2 h5 9. g5 Nfd7 10. Be3 Nc6 11. 0-0 0-0 12. a4 Rb8 13. Re1 Re8 14. Nce2 Nc5 15. c3 e5 16. Nxc6 bxc6 17. b4 Ne6 18. Qd2 a5 19. Rad1 Bf8 20. f4 axb4 21. cxb4 exf4 22. Nxf4 Nxf4 23. Bxf4 Qb6+ 24. Qd4 Qxb4 25. Bxd6 Bxd6 26. Qxd6 c5 27. a5 Be6 1/2-1/2

[Event "Cesenatico op 17th"]
[Site "Cesenatico"]
[Date "2013.09.05"]
[Round "6"]
[White "Lalic, Bogdan"]
[Black "Schacher, Gerd"]
[Result "1/2-1/2"]
[WhiteElo "2484"]
[BlackElo "2347"]
[PlyCount "87"]
[EventDate "2013.08.31"]
[EventType "swiss"]
[EventRounds "9"]
[EventCountry "ITA"]
[SourceTitle "CBM 156 Extra"]
[Source "ChessBase"]
[SourceDate "2013.10.22"]
[SourceVersion "1"]
[SourceVersionDate "2013.10.22"]
[SourceQuality "1"]

1. d4 g6 2. c4 Bg7 3. Nf3 f5 4. g3 Nf6 5. Bg2 0-0 6. Nc3 d6 7. 0-0 Qe8 8. Re1 Qf7 9. e4 fxe4 10. Nxe4 Qxc4 11. Nxf6+ exf6 12. Re7 Na6 13. Bf4 Kh8 14. b3 Qb4 15. a3 Qb6 16. d5 Bg4 17. Be3 Qb5 18. h3 Bxf3 19. Bxf3 Rae8 20. Be2 Qxe2 21. Qxe2 Rxe7 22. Qb5 f5 23. Rc1 Nc5 24. Bxc5 dxc5 25. Qxb7 Be5 26. Rxc5 Bd6 27. Rc2 f4 28. gxf4 Rxf4 29. Qxa7 Rf3 30. Qb8+ Kg7 31. Kg2 Rf5 32. Qb5 Rg5+ 33. Kf1 Bh2 34. f3 Rg1+ 35. Kf2 Ree1 36. Re2 Ref1+ 37. Ke3 Bd6 38. a4 Rc1 39. Ke4 Rg5 40. f4 Rf5 41. Rf2 Re1+ 42. Kd3 Rd1+ 43. Ke4 Re1+ 44. Kd3 1/2-1/2

[Event "Amantea op-A 7th"]
[Site "Amantea"]
[Date "2009.09.01"]
[Round "3"]
[White "Schacher, Gerd"]
[Black "Gromovs, Sergejs"]
[Result "1/2-1/2"]
[WhiteElo "2318"]
[BlackElo "2339"]
[PlyCount "93"]
[EventDate "2009.08.31"]
[EventType "swiss"]
[EventRounds "9"]
[EventCountry "ITA"]
[SourceTitle "CBM 132 Extra"]
[Source "ChessBase"]
[SourceDate "2009.11.03"]
[SourceVersion "1"]
[SourceVersionDate "2009.11.03"]
[SourceQuality "1"]

1. Nf3 h6 2. c4 g5 3. g3 Bg7 4. Bg2 e6 5. d4 d6 6. h4 g4 7. Nfd2 h5 8. Ne4 Nc6 9. d5 exd5 10. cxd5 Ne5 11. Nbc3 Bd7 12. Qb3 b6 13. a4 a6 14. Qc2 Nh6 15. Bg5 f6 16. Bxh6 Bxh6 17. Nd2 f5 18. e3 0-0 19. Ne2 Rc8 20. Nf4 Qe8 21. 0-0 Qf7 22. Rac1 c5 23. dxc6 Bxc6 24. Qxc6 Rxc6 25. Bd5 Rfc8 26. Nb3 Nf3+ 27. Kg2 Bg7 28. Rxc6 Rxc6 29. Rd1 Bxb2 30. Nxh5 Be5 31. Nf4 Rc4 32. a5 Rb4 33. Nd2 Nxd2 34. Rxd2 bxa5 35. Bxf7+ Kxf7 36. Nd3 Bc3 37. Rc2 Rb3 38. Nc1 Ra3 39. Ne2 Be5 40. Rc6 Ra2 41. Nd4 Bxd4 42. exd4 Ke6 43. Rxa6 Ra4 44. h5 Rxd4 45. Rxa5 Rb4 46. Ra7 Rb8 47. h6 1/2-1/2

[Event "Imperia op-A 49th"]
[Site "Imperia"]
[Date "2007.09.05"]
[Round "4"]
[White "Schacher, Gerd"]
[Black "Di Paolo, Raffaele"]
[Result "0-1"]
[WhiteElo "2288"]
[BlackElo "2357"]
[PlyCount "92"]
[EventDate "2007.09.02"]
[EventType "swiss"]
[EventRounds "9"]
[EventCountry "ITA"]
[SourceTitle "EXT 2009"]
[Source "ChessBase"]
[SourceDate "2008.11.26"]
[SourceVersion "1"]
[SourceVersionDate "2008.11.26"]
[SourceQuality "1"]

1. d4 e6 2. c4 f5 3. Nf3 Nf6 4. g3 d5 5. Bg2 c6 6. 0-0 Bd6 7. Nc3 0-0 8. Bf4 Bxf4 9. gxf4 Ne4 10. e3 Nd7 11. Nxe4 fxe4 12. Ne5 Nxe5 13. fxe5 Qg5 14. f4 exf3 15. Rxf3 Bd7 16. Rg3 Qe7 17. Qe2 Be8 18. Rf1 Bg6 19. Rxf8+ Rxf8 20. cxd5 cxd5 21. Rf3 Rc8 22. Rf2 Qg5 23. Qf3 h6 24. Qf4 Qxf4 25. exf4 Bf5 26. Rd2 Kf7 27. Kf2 a5 28. Ke3 Rc1 29. Bf3 b5 30. Rd1 Rc7 31. a3 b4 32. axb4 axb4 33. Bh5+ g6 34. Be2 g5 35. fxg5 hxg5 36. Rg1 Rc2 37. Rxg5 Rxb2 38. h4 b3 39. Bd3 Bxd3 40. Kxd3 Rh2 41. Rh5 b2 42. Rh7+ Kg6 43. Rb7 Rxh4 44. Rxb2 Rh3+ 45. Kd2 Rh2+ 46. Kc3 Rxb2 0-1

[Event "Imperia op-A 48th"]
[Site "Imperia"]
[Date "2006.09.09"]
[Round "8"]
[White "Jurek, Josef"]
[Black "Schacher, Gerd"]
[Result "1-0"]
[WhiteElo "2390"]
[BlackElo "2274"]
[PlyCount "195"]
[EventDate "2006.09.03"]
[EventType "swiss"]
[EventRounds "9"]
[EventCountry "ITA"]
[SourceTitle "EXT 2011"]
[Source "ChessBase"]
[SourceDate "2010.11.26"]
[SourceVersion "1"]
[SourceVersionDate "2010.11.26"]
[SourceQuality "1"]

1. Nf3 g6 2. d4 Bg7 3. c4 f5 4. g3 Nf6 5. Bg2 0-0 6. 0-0 d6 7. b3 Qe8 8. Bb2 Na6 9. Nbd2 Rb8 10. Re1 b5 11. c5 Bb7 12. Rc1 dxc5 13. dxc5 Rd8 14. a3 Ne4 15. Bxg7 Kxg7 16. Qc2 Nxd2 17. Nxd2 Bxg2 18. Kxg2 Qc6+ 19. Nf3 Rd5 20. b4 Nb8 21. Kg1 Qf6 22. Rcd1 e6 23. a4 a6 24. axb5 axb5 25. Rxd5 exd5 26. Qd2 Nc6 27. Qxd5 Rd8 28. Qb3 Nd4 29. Nxd4 Qxd4 30. Rb1 h5 31. Qe6 Qe4 32. Qxe4 fxe4 33. e3 Rd2 34. Ra1 Rb2 35. Ra7 Rxb4 36. Rxc7+ Kf6 37. Rb7 Rb1+ 38. Kg2 b4 39. c6 b3 40. c7 Rc1 41. Rxb3 Rxc7 42. Rb6+ Kf5 43. Rb8 Rf7 44. Rh8 Kf6 45. h3 Kf5 46. Re8 Rf6 47. g4+ hxg4 48. hxg4+ Kxg4 49. Rxe4+ Kh5 50. Re5+ Kh6 51. f4 Ra6 52. Kf3 Kg7 53. Rd5 Ra3 54. Ke4 Kf6 55. Rd6+ Kf7 56. Kd4 Ra4+ 57. Ke5 Ra5+ 58. Rd5 Ra7 59. e4 Re7+ 60. Kd4 Ra7 61. Rd6 Ra4+ 62. Ke5 Ra5+ 63. Rd5 Ra7 64. Rc5 Rb7 65. Kd6 Kf6 66. Rc6 Rb1 67. Kd7+ Kf7 68. e5 Rb7+ 69. Kd6 Ra7 70. Rb6 Re7 71. Kd5 Ra7 72. Rf6+ Kg7 73. Ke4 Ra4+ 74. Kf3 Ra5 75. Kg4 Ra1 76. Rd6 Rg1+ 77. Kf3 Kf7 78. Kf2 Ra1 79. Ke3 Ra5 80. Rd7+ Kf8 81. Ke4 Rb5 82. Ra7 Rb4+ 83. Kf3 Rb1 84. Rd7 Rb2 85. Kg4 Rg2+ 86. Kf3 Ra2 87. Ke4 Ra4+ 88. Rd4 Ra5 89. Rc4 Kg7 90. Rc7+ Kf8 91. e6 Rf5 92. Rd7 Ra5 93. Rd5 Ra7 94. Ke5 Ra4 95. Rd8+ Ke7 96. Rd7+ Ke8 97. Rg7 g5 98. f5 1-0

[Event "Imperia op-A 48th"]
[Site "Imperia"]
[Date "2006.09.07"]
[Round "6"]
[White "Egartner, Wolfgang"]
[Black "Schacher, Gerd"]
[Result "0-1"]
[WhiteElo "2147"]
[BlackElo "2274"]
[PlyCount "56"]
[EventDate "2006.09.03"]
[EventType "swiss"]
[EventRounds "9"]
[EventCountry "ITA"]
[SourceTitle "EXT 2011"]
[Source "ChessBase"]
[SourceDate "2010.11.26"]
[SourceVersion "1"]
[SourceVersionDate "2010.11.26"]
[SourceQuality "1"]

1. d4 g6 2. g3 Bg7 3. Bg2 f5 4. c4 Nf6 5. Nc3 d6 6. Nf3 0-0 7. 0-0 Qe8 8. b4 c6 9. Bb2 e5 10. dxe5 dxe5 11. e3 e4 12. Nd4 Nbd7 13. c5 Ne5 14. Qb3+ Kh8 15. Nce2 Nd3 16. Rfd1 Nxb2 17. Qxb2 g5 18. Qb3 Ng4 19. Rac1 Qh5 20. Ne6 Bxe6 21. Qxe6 Rae8 22. Qb3 Nxh2 23. Nd4 Rf6 24. b5 Ng4 25. bxc6 bxc6 26. Nxc6 f4 27. exf4 gxf4 28. Rd6 f3 0-1

[Event "Imperia op-A 48th"]
[Site "Imperia"]
[Date "2006.09.03"]
[Round "1.7"]
[White "Schacher, Gerd"]
[Black "Feistenauer, Harald"]
[Result "1-0"]
[WhiteElo "2274"]
[BlackElo "2107"]
[PlyCount "115"]
[EventDate "2006.09.03"]
[EventType "swiss"]
[EventRounds "9"]
[EventCountry "ITA"]
[SourceTitle "EXT 2024"]
[Source "ChessBase"]
[SourceDate "2023.10.10"]
[SourceVersion "1"]
[SourceVersionDate "2023.10.10"]
[SourceQuality "1"]

1. c4 Nf6 2. Nc3 c5 3. Nf3 Nc6 4. g3 g6 5. Bg2 Bg7 6. 0-0 b6 7. d4 cxd4 8. Nxd4 Bb7 9. h3 0-0 10. Nc2 d6 11. b3 Qd7 12. e4 Ne8 13. Bb2 Nc7 14. Qd2 Rad8 15. Ne3 Nd4 16. f4 f5 17. Ncd5 Nc6 18. Bxg7 Kxg7 19. Qb2+ e5 20. fxe5 Nxe5 21. Nxc7 Qxc7 22. exf5 Bxg2 23. Kxg2 Qb7+ 24. Kh2 Kg8 25. Qg2 Qg7 26. fxg6 hxg6 27. Rxf8+ Rxf8 28. Rf1 Rxf1 29. Qxf1 Qh6 30. Qf2 Qh5 31. Kg2 Nd3 32. Qd2 Ne5 33. g4 Qg5 34. Nf1 Qf6 35. Qe3 g5 36. Nd2 Ng6 37. Nf3 Nf4+ 38. Kg3 Ne6 39. Qe4 Ng7 40. Qd5+ Ne6 41. Qf5 Qe7 42. Qg6+ Kf8 43. Qh6+ Ke8 44. h4 gxh4+ 45. Qxh4 Qf8 46. Qh5+ Ke7 47. Qh7+ Kd8 48. Qe4 Qh6 49. Qf5 Qe3 50. g5 Nc5 51. g6 Ne4+ 52. Kh3 Nf2+ 53. Kh4 Ne4 54. Kg4 Qd3 55. Qf8+ Kc7 56. Qf7+ Kd8 57. g7 Nf2+ 58. Kg3 1-0

[Event "Arco op 27th"]
[Site "Arco"]
[Date "2005.10.27"]
[Round "6"]
[White "Cazzaniga, Walter"]
[Black "Schacher, Gerd"]
[Result "0-1"]
[WhiteElo "2104"]
[BlackElo "2258"]
[PlyCount "94"]
[EventDate "2005.10.22"]
[EventType "swiss"]
[EventRounds "9"]
[EventCountry "ITA"]
[SourceTitle "EXT 2006"]
[Source "ChessBase"]
[SourceDate "2005.11.24"]
[SourceVersion "1"]
[SourceVersionDate "2005.11.24"]
[SourceQuality "1"]

1. d4 Nf6 2. c4 c5 3. d5 b5 4. cxb5 a6 5. bxa6 g6 6. Nc3 Bxa6 7. Nf3 d6 8. g3 Bg7 9. Bg2 Nbd7 10. 0-0 Nb6 11. Re1 0-0 12. Rb1 Bc4 13. e4 Bxa2 14. Nxa2 Rxa2 15. Bf1 Qc7 16. b3 Ng4 17. Re2 Rfa8 18. Bb2 Nd7 19. Bxg7 Kxg7 20. h3 Nge5 21. Nxe5 Nxe5 22. Kg2 Qb6 23. Reb2 Qb4 24. Qc2 Rxb2 25. Rxb2 Qd4 26. f4 Nd7 27. Rb1 Nf6 28. Kf3 Ra1 29. Bd3 Ra2 30. Qxa2 Qxd3+ 31. Kg2 Nxe4 32. Rf1 Qxg3+ 33. Kh1 Qxh3+ 34. Kg1 Qe3+ 35. Kg2 Nc3 36. Qf2 Nxd5 37. f5 Qe4+ 38. Kh2 Ne3 39. f6+ Kf8 40. fxe7+ Qxe7 41. Rg1 Qe5+ 42. Kh3 Qe6+ 43. Kh4 Nf5+ 44. Kg5 Qe4 45. Re1 h6+ 46. Kf6 Ne7 47. Rxe4 Ng8# 0-1

[Event "EU-Cup 20th"]
[Site "Izmir"]
[Date "2004.10.09"]
[Round "7.1"]
[White "Bruch, Jochen"]
[Black "Schacher, Gerd"]
[Result "1/2-1/2"]
[WhiteElo "2304"]
[BlackElo "2246"]
[PlyCount "68"]
[EventDate "2004.10.03"]
[EventType "team-swiss"]
[EventRounds "7"]
[EventCountry "TUR"]
[SourceTitle "CBM 104"]
[Source "ChessBase"]
[SourceDate "2005.01.27"]
[SourceVersion "1"]
[SourceVersionDate "2005.01.27"]
[SourceQuality "1"]
[WhiteTeam "Differdange"]
[BlackTeam "Dublin"]
[WhiteTeamCountry "LUX"]
[BlackTeamCountry "IRL"]

1. Nf3 Nf6 2. g3 g6 3. Bg2 Bg7 4. 0-0 0-0 5. c4 c5 6. Nc3 Nc6 7. a3 d6 8. Rb1 Bf5 9. d3 Qd7 10. b4 Rac8 11. Re1 h6 12. Bd2 e5 13. b5 Nd4 14. Nxd4 exd4 15. Nd5 Nxd5 16. Bxd5 Be6 17. Bg2 d5 18. b6 axb6 19. Qb3 dxc4 20. dxc4 Bf5 21. Rbc1 Rfe8 22. e4 dxe3 23. Bxe3 Be4 24. Red1 Bd4 25. Bxd4 Bxg2 26. Ba1 Qc6 27. Qc3 f6 28. Qxf6 Qxf6 29. Bxf6 Bh3 30. Re1 Kf7 31. Be5 Rcd8 32. Bf4 h5 33. Rxe8 Rxe8 34. Be3 Re4 1/2-1/2